| 000 | 00917nam a22002777a 4500 | ||
|---|---|---|---|
| 999 |
_c29488 _d29459 |
||
| 003 | EG-ScBUE | ||
| 005 | 20210926104506.0 | ||
| 008 | 210925s2003 ua f 000 0 ara d | ||
| 017 | _a2002/18787 | ||
| 020 | _a9770908797 | ||
| 040 |
_aEG-ScBUE _bara _erda _cEG-ScBUE _dEG-ScBUE |
||
| 082 | 0 | 4 |
_a892.78608 _bأ ص ل _222 |
| 100 | 1 |
_aأصلان، إبراهيم، _eمؤلف. |
|
| 245 | 1 | 0 |
_aخلوة الغلبان / _cإبراهيم أصلان. |
| 250 | _aالطبعة الأولى. | ||
| 264 | 1 |
_aالقاهرة : _bدار الشروق، _c2003. |
|
| 300 |
_a135 صفحة ؛ _c21 سم |
||
| 336 |
_2rdacontent _aنص _btxt |
||
| 337 |
_2rdamedia _aبدون وسيط _bn |
||
| 338 |
_2rdacarrier _aمجلد _bnc |
||
| 541 | _cDonation. | ||
| 650 | 7 |
_aالنثر العربي _zمصر _yقرن 20. _2BUEsh |
|
| 653 | 7 |
_aBUEsh _bARALIT _cSeptember2021 |
|
| 655 | 7 |
_2BUEsh _vReading book _934232 |
|
| 942 | _2ddc | ||